Megacities - Sudden Death - Statistics

General Stats
  • This quiz has been taken 272 times
    242 since last reset
  • The average score is 5 of 16
Answers on the Grid
Answers color-coded by a green-red scale on the quiz's grid according to % correct below.
Bogota
Buenos Aires
Chicago
Dhaka
Istanbul
Karachi
Kinshasa
Kuala Lumpur
Lahore
London
Los Angeles
Luanda
Madrid
Manila
Mexico City
Moscow
Mumbai
Osaka
Santiago
São Paulo
Seoul
Singapore
Tokyo
Wuhan
 
Answer Stats
Answer % Correct
Buenos Aires
49%
Istanbul
47%
Tokyo
43%
Mexico City
38%
Mumbai
33%
Bogota
32%
Los Angeles
31%
Dhaka
29%
Kinshasa
29%
São Paulo
29%
Seoul
25%
Moscow
24%
Karachi
22%
Manila
18%
Lahore
15%
Osaka
13%
No matching quizzes found
Score Distribution
Percent of People with Each Score
Percentile by Number Answered
Your Score History
You have not taken this quiz since the last reset